000 00304nam a22001337a 4500
008 181017b xxu||||| |||| 00| 0 eng d
020 _a9781455770052
041 _aeng
080 _213th
_a611
100 _a6
101 _aANA
245 _aTextbook of Medical Physiology
_cHall,J.E
942 _2udc
_cBK
999 _c49965
_d49965